000
00180nam a2200073Ia 4500
008
170620s9999 xx 000 0 und d
100
_a
RAJSEKHAR T
245
0
_a
INVERTIGATIV JOURNALISM
260
_b
NEW DELHI SONALI
999
_c
30197
_d
30197